Shang-Chi Villains by Picture - Statistics

General Stats
  • This quiz has been taken 19 times
  • The average score is 5 of 18
Answer Stats
Picture Answer % Correct
Mandarin (Xu Wenwu)
100%
Death Dealer
69%
Razorfist
56%
Dweller-in-Darkness
50%
Zheng Zu (formerly 'Fu Manchu')
50%
Midnight Sun
19%
Shockwave
19%
Zaran
19%
Cursed Lotus
13%
Cat (Shen Kuei)
6%
Darkstrider
6%
Death-Hand
6%
Ghost Maker
6%
Jade Claw
6%
Lady Iron Fan
6%
Shadow Stalker
6%
the Spider-Bandits
6%
Tiger-Claw
6%
No matching quizzes found
Score Distribution
Percent of People with Each Score
Percentile by Number Answered
Your Score History
You have not taken this quiz